01218nam a2200325 i 450000100060000000300100000600500170001600700030003300800410003602000150007704000350009204100080012708200190013508400130015410000460016724501580021325000220037126400270039330000400042033600270046033700330048733800280052049000470054865000410059565000520063665000420068894200120073099900170074295201330075957678CO-BoRNBP20250722152438.0ta121119s2003 ck a gs 000 0 spa d a9589289118 aCO-BoRNBPbspacCO-BoRNBPerda0 aspa04a461.152 bS27c aRES006701 aSerna M., J. Alberto,d1932eautor96127510aCómo mejorar la ortografía y enriquecer el vocabulario, mediante el estudio de las voces homófonas y los sustantivos ambiguos cJ. Alberto Serna M aPrimera edición 1aBogotábIdiomac2003 a200 páginasbilustracionesc24 cm atextobtxt2rdacontent asin mediaciónbn2rdamedia avolumenbnc2rdacarrier0 aLexicografía, ortografía y redacción14aEspañolxGramática 2LEMB96127614aEspañolxHomónimos vManuales 2LEMB96127714aEspañolxOrtografía 2LEMB961278 2ddccBK c57678d57678 00102ddc40708GENaMERESTREbMERESTREcGENd2025-07-22l0o461.152 S27cpRES00670r2025-07-22 15:24:53tEj.1w2025-07-22yBK